[Event "HUN-chT2 Erkel 1617"]
[Site "Hungary"]
[Date "2017.02.12"]
[Round "8.10"]
[White "Csollak, Karoly"]
[Black "Fule, Simon"]
[Result "1/2-1/2"]
[WhiteElo "2015"]
[BlackElo "1746"]
[PlyCount "81"]
[EventDate "2016.09.25"]
[EventType "team-tourn"]
[EventRounds "11"]
[EventCountry "HUN"]
[SourceTitle "EXT 2021"]
[Source "ChessBase"]
[SourceDate "2020.10.23"]
[SourceVersion "1"]
[SourceVersionDate "2020.10.23"]
[SourceQuality "1"]
[WhiteTeam "Pestszentlorinc"]
[BlackTeam "Budapest Kobanya II"]
[WhiteTeamCountry "HUN"]
[BlackTeamCountry "HUN"]

1. e4 e5 2. Nf3 Nc6 3. d4 exd4 4. Nxd4 Nf6 5. Nc3 Bb4 6. Nxc6 bxc6 7. Bd3 0-0 8. 0-0 h6 9. Bd2 Re8 10. Re1 d6 11. h3 Bc5 12. Be3 Nd7 13. Qd2 Bxe3 14. Rxe3 Ne5 15. Rg3 Kh8 16. f4 Nxd3 17. cxd3 Qh4 18. Rf3 f5 19. Re1 Bd7 20. Qf2 Qxf2+ 21. Kxf2 Rab8 22. b3 g6 23. Rfe3 fxe4 24. dxe4 Rb4 25. Kf3 Rf8 26. g3 h5 27. Kg2 Rd4 28. Rd1 c5 29. Ree1 Re8 30. h4 Bc6 31. Kf3 Bd7 32. Rxd4 cxd4 33. Nd5 c5 34. Nf6 Re7 35. Nxd7 Rxd7 36. Ke2 Kg7 37. Kd3 Kf6 38. Rc1 Rb7 39. Rc4 a5 40. Rc1 Rb4 41. Rc4 1/2-1/2

[Event "HUN-chT2 Erkel 1314"]
[Site "Hungary"]
[Date "2013.11.17"]
[Round "5.9"]
[White "Medve, Mark"]
[Black "Csollak, Karoly"]
[Result "1-0"]
[WhiteElo "2071"]
[BlackElo "2012"]
[PlyCount "75"]
[EventDate "2013.09.08"]
[EventType "team-tourn"]
[EventRounds "11"]
[EventCountry "HUN"]
[SourceTitle "EXT 2016"]
[Source "ChessBase"]
[SourceDate "2015.10.08"]
[SourceVersion "1"]
[SourceVersionDate "2015.10.08"]
[SourceQuality "1"]
[WhiteTeam "Budapest EAC II"]
[BlackTeam "Pestszentlorinc"]
[WhiteTeamCountry "HUN"]
[BlackTeamCountry "HUN"]

1. d4 d5 2. c4 e6 3. Nf3 c6 4. Nc3 Nf6 5. Bg5 Nbd7 6. e3 h6 7. Bh4 Be7 8. Bd3 0-0 9. cxd5 exd5 10. 0-0 Ne4 11. Bxe7 Qxe7 12. Qc2 f5 13. Rae1 b5 14. Nd2 Nxd2 15. Qxd2 Nb6 16. Qc2 Bd7 17. f3 Qf6 18. Nb1 Rae8 19. f4 Re7 20. Nd2 Rfe8 21. Nf3 Rxe3 22. Rxe3 Rxe3 23. Ne5 Qd6 24. Qd2 Re4 25. Bxe4 dxe4 26. Qc3 Na4 27. Qd2 c5 28. d5 Nb6 29. Rd1 Be8 30. b3 Bh5 31. Rc1 Qxd5 32. Qxd5+ Nxd5 33. g3 c4 34. bxc4 bxc4 35. Rxc4 e3 36. Ra4 e2 37. Kf2 Ne3 38. Nd3 1-0

[Event "HUN-chT2 Erkel 1112"]
[Site "Hungary"]
[Date "2012.03.25"]
[Round "8.6"]
[White "Horvath, Zoltan"]
[Black "Csollak, Karoly"]
[Result "0-1"]
[WhiteElo "2015"]
[BlackElo "2011"]
[PlyCount "54"]
[EventDate "2011.09.25"]
[EventType "team-tourn"]
[EventRounds "11"]
[EventCountry "HUN"]
[SourceTitle "EXT 2013"]
[Source "ChessBase"]
[SourceDate "2012.11.22"]
[SourceVersion "1"]
[SourceVersionDate "2012.11.22"]
[SourceQuality "1"]
[WhiteTeam "Matra"]
[BlackTeam "Pestszentlorinc"]
[WhiteTeamCountry "HUN"]
[BlackTeamCountry "HUN"]

1. e4 c5 2. f4 d5 3. e5 e6 4. Nf3 Nc6 5. d3 Nge7 6. Be3 Qb6 7. b3 f6 8. exf6 gxf6 9. g3 Bd7 10. Bg2 Nf5 11. Bf2 0-0-0 12. 0-0 h5 13. c4 d4 14. Qe2 Qc7 15. Nbd2 Be7 16. Bh3 e5 17. fxe5 fxe5 18. Rae1 Rde8 19. Nxe5 Bd6 20. Bxf5 Bxf5 21. Qf3 Rxe5 22. Rxe5 Bg4 23. Qd5 Nxe5 24. Ne4 Rd8 25. Nxd6+ Qxd6 26. Qe4 Nf3+ 27. Kg2 Nd2 0-1

[Event "HUN-chT2 Erkel 1112"]
[Site "Hungary"]
[Date "2011.11.13"]
[Round "3.10"]
[White "Csollak, Karoly"]
[Black "Hogye, Imre"]
[Result "1/2-1/2"]
[WhiteElo "2011"]
[BlackElo "2083"]
[PlyCount "92"]
[EventDate "2011.09.25"]
[EventType "team-tourn"]
[EventRounds "11"]
[EventCountry "HUN"]
[SourceTitle "EXT 2013"]
[Source "ChessBase"]
[SourceDate "2012.11.22"]
[SourceVersion "1"]
[SourceVersionDate "2012.11.22"]
[SourceQuality "1"]
[WhiteTeam "Pestszentlorinc"]
[BlackTeam "Ujszasz"]
[WhiteTeamCountry "HUN"]
[BlackTeamCountry "HUN"]

1. e4 c5 2. Nf3 Nc6 3. d4 cxd4 4. Nxd4 Nf6 5. Nc3 e5 6. Ndb5 d6 7. Bg5 a6 8. Na3 Be6 9. Nc4 Rc8 10. Nd5 Bxd5 11. Bxf6 Qxf6 12. Qxd5 Be7 13. c3 0-0 14. Nb6 Rc7 15. Qd3 Qg6 16. g4 Bh4 17. Bh3 Qg5 18. Nd5 Rd7 19. 0-0 Ne7 20. f4 exf4 21. Nxf4 d5 22. c4 d4 23. Nd5 Nxd5 24. cxd5 Qe3+ 25. Qxe3 dxe3 26. g5 Bf2+ 27. Kg2 Re7 28. Kf3 Rfe8 29. d6 Re5 30. d7 Rd8 31. Rac1 Bh4 32. Rg1 Rxg5 33. Rxg5 Bxg5 34. Rc7 b5 35. Ra7 g6 36. Rxa6 f5 37. exf5 Rxd7 38. Ra8+ Rd8 39. Rxd8+ Bxd8 40. fxg6 hxg6 41. Kxe3 Bf6 42. b3 b4 43. Be6+ Kf8 44. Kd3 Ke7 45. Bg4 Kf7 46. Kc4 Be7 1/2-1/2

[Event "HUN-chT2 Erkel 1011"]
[Site "Hungary"]
[Date "2011.05.15"]
[Round "11.9"]
[White "Csollak, Karoly"]
[Black "Frank, Jozsef"]
[Result "1-0"]
[WhiteElo "2007"]
[BlackElo "1992"]
[PlyCount "99"]
[EventDate "2010.09.12"]
[EventType "team-tourn"]
[EventRounds "11"]
[EventCountry "HUN"]
[SourceTitle "EXT 2012"]
[Source "ChessBase"]
[SourceDate "2011.11.24"]
[SourceVersion "1"]
[SourceVersionDate "2011.11.24"]
[SourceQuality "1"]
[WhiteTeam "Pestszentlorinc"]
[BlackTeam "Dunaharaszti II"]
[WhiteTeamCountry "HUN"]
[BlackTeamCountry "HUN"]

1. e4 e6 2. d4 d5 3. exd5 exd5 4. Bd3 Bd6 5. Nf3 Nf6 6. Bg5 Bg4 7. Qe2+ Be7 8. Nbd2 0-0 9. 0-0 Nbd7 10. h3 Bh5 11. Qe3 Re8 12. Rae1 Bd6 13. Bxf6 Rxe3 14. Bxd8 Rxe1 15. Rxe1 Rxd8 16. Nh4 Bg6 17. Nxg6 hxg6 18. Nf3 Kf8 19. Ng5 Bf4 20. h4 Bxg5 21. hxg5 Re8 22. Rd1 Ke7 23. b3 Nf8 24. c3 Ne6 25. Re1 Kd7 26. Re5 c6 27. g3 Nc7 28. f4 Rxe5 29. dxe5 a5 30. Kf2 Ne6 31. Ke3 Nc5 32. Bc2 Ne6 33. Bd1 Nc5 34. Bf3 Ne6 35. Bg4 Ke7 36. c4 dxc4 37. bxc4 b6 38. Bxe6 Kxe6 39. g4 Ke7 40. Kd4 Ke6 41. a4 Ke7 42. f5 Kd7 43. c5 b5 44. axb5 cxb5 45. f6 gxf6 46. gxf6 a4 47. c6+ Kxc6 48. e6 a3 49. Kc3 a2 50. Kb2 1-0